logo

Bir Sreshtho Munshi Abdur Rouf Library
Jhenaidah Cadet College

হরপ্রসাদ শাস্ত্রী / (Record no. 2302)

MARC details
000 -LEADER
fixed length control field 00794nam a22002177a 4500
001 - CONTROL NUMBER
JCCL Control Number 2302
003 - CONTROL NUMBER IDENTIFIER
JCCL marc code BD-JhCC
005 - DATE AND TIME OF LATEST TRANSACTION
control field 20171031211948.0
008 - FIXED-LENGTH DATA ELEMENTS--GENERAL INFORMATION
fixed length control field 171031s1957 ii |||| |||| 000 0 ben d
035 ## - SYSTEM CONTROL NUMBER
system control number (BD-JhCC)2302
040 ## - CATALOGING SOURCE
Original cataloging agency BD-JhCC
Modifying agency BD-JhCC
041 ## - LANGUAGE CODE
Language code of Book eng
082 ## - DEWEY DECIMAL CLASSIFICATION NUMBER
Classification number 923.1
Author mark and Year BAN 1957
100 ## - MAIN ENTRY--PERSONAL NAME
Personal name বন্দোপাধ্যায়, ব্রজেন্দ্রনাথ
245 ## - TITLE STATEMENT
Title হরপ্রসাদ শাস্ত্রী /
Statement of responsibility, etc ব্রজেন্দ্রনাথ বন্দোপাধ্যায়
260 ## - PUBLICATION, DISTRIBUTION, ETC. (IMPRINT)
Place of publication, distribution, etc কলকাতা :
Name of publisher, distributor, etc বঙ্গীয় সাহিত্য পরিষদ,
Date of publication, distribution, etc ১৯৫৭.
300 ## - PHYSICAL DESCRIPTION
Pagination ৮০ পৃ. :
Dimensions ২২ সেমি.
650 ## - SUBJECT ADDED ENTRY--TOPICAL TERM
Topical term or geographic name as entry element Haraprashad Shastri Biography
942 ## - ADDED ENTRY ELEMENTS (KOHA)
Source of classification or shelving scheme Dewey Decimal Classification
Koha item type Books
Holdings
Source of classification or shelving scheme Damaged status Not for loan Home library Current library Shelving location Date of accession Cost, normal purchase price Total Checkouts Full call number Barcode Date last seen Copy number Koha item type
Dewey Decimal Classification     JCC Rouf Library JCC Rouf Library General Stacks 10/31/2017 1.00   923.1 BAN 1957 2966 10/31/2017 C-1 Books

JCC Library | Contacts | JCC Home

Last Update on 23 September 2017
Copyright @ 2017-2020 JCC Rouf Library
Rouf Library, Jhenidah Cadet College (JCC), Bangladesh